00313nam a2200121Ia 4500008004100000041000800041082001200049100001600061245004500077260003400122300002400156365001100180240624s9999 xx 000 0 und d aeng a332 YAS aYASASWY N J aFINANCE AND PROFITS GUIDE FOR NON FINANC c2009aNew DelhibVision Books a456 : p. : cm. ; 21 cRSb30